=LDR 00000nam 2200000 4500 =001 INLIS000000000043898 =005 20200220015556 =035 ##$$a 0010-101300000001820 =008 200220################g##########0#ind## =041 ##$$a ind =082 ##$$a 174.4 =090 ##$$a 174.4, Suy e =100 ##$$a Suyono, Capt =245 1#$$a Etiket jamuan makan dan komunikasi, /$c Capt RP Suyono =260 ##$$a Jakarta :$b PT. Gramedia Widiasarana Indonesia,$c 2004 =300 ##$$a viii, 116 hlm. : $b ilus. ; $c 14 x 21 cm =650 #4$$a Jamuan makan dan komunikasi =850 ##$$a NBPNMAT =020 ##$$a 979-732-682-9 =084 ##$$a 174.4 SUY e =250 ##$$a Cet. 2 =504 ##$$a Bibliografi : hlm. 113-114 =520 ##$$a Biografi : hlm. 115 - 116 =990 ##$$a 20612832 =990 ##$$a 20612835 =990 ##$$a 20612833